000
00299nam a2200145Ia 4500
100
_a
Greene/ Joe
942
_c
BK
654
_a
Computer
245
_a
Oracle : DAB Survival Guide
260
_b
none
_a
New york
_c
1997
082
_a
5.13
_b
GRE
300
_a
769
546
_a
ENGLISH
999
_c
24217
_d
24217